000 00884nam a22002177a 4500
999 _c7812
_d7812
003 AR-CdUCM
008 190321b ||||| |||| 00| 0 spa d
040 _aMUNICIPALIDAD PROVINCIAL DEL CUSCO
_cBIBLIOTECA MUNICIPAL DEL CUSCO
082 _a902.02 /
_bAR66
100 _aAramburú Clemencia, Carlos Monge
_922086
245 _aCronología agraria 1980 /
260 _aCusco :
_bCentro de Estudios Rurales Andinos Bartolomé de Las Casas,
_c1981.
300 _a329 páginas ;
_bilustraciones,
_c22 cm.
505 _aContenido: La política Gubernamental y el debate sobre el Agro Nacional -- La producción -- La comercialización -- Reforma agraria y lucha campesina -- Agroindustria y alimentación.
650 _aAgricultura
_9320
650 _aDesarrollo económico
_91696
650 _aCronología
_963
650 _aCusco - Perú
_94115
942 _2ddc
_cLIBROS
945 _aachl